Temas y propuestas (Registro nro. 8782)

Detalles MARC
000 -LEADER
fixed length control field 00964nas a2200265 454500
001 - CONTROL NUMBER
control field 36430
005 - DATE AND TIME OF LATEST TRANSACTION
control field 20260407193509.0
008 - FIXED-LENGTH DATA ELEMENTS--GENERAL INFORMATION
fixed length control field 260407s1995####ag###########|||spa#d
003 - CONTROL NUMBER IDENTIFIER
control field AR-UNSa-BCEJYS
040 ## - CATALOGING SOURCE
Original cataloging agency AR-UNSa-BCEJYS
Language of cataloging spa
Transcribing agency AR-UNSa-BCEJYS
080 ## - UNIVERSAL DECIMAL CLASSIFICATION NUMBER
Universal Decimal Classification number 378
Common auxiliary subdivision Enseñanza superior. Universidades. Escuelas especiales
041 ## - LANGUAGE CODE
Language code of text/sound track or separate title spa
100 1# - MAIN ENTRY--PERSONAL NAME
Personal name Universidad de Buenos Aires. Facultad de Ciencias Económicas. Secretaría Pedagógica
245 10 - TITLE STATEMENT
Title Temas y propuestas
Name of part/section of a work revista pedagògica de la Facultad de Ciencias Económicas
264 #1 - PRODUCTION, PUBLICATION, DISTRIBUTION, MANUFACTURE, AND COPYRIGHT NOTICE
Place of production, publication, distribution, manufacture Buenos Aires :
Name of producer, publisher, distributor, manufacturer Universidad de Buenos Aires
Date of production, publication, distribution, manufacture, or copyright notice 1995
310 ## - CURRENT PUBLICATION FREQUENCY
Current publication frequency Frecuencia:
590 ## - LOCAL NOTE (RLIN)
Local note niveau_biblio:s niveau_hierar:1
650 ## - SUBJECT ADDED ENTRY--TOPICAL TERM
Topical term or geographic name entry element Enseñanza superior
650 ## - SUBJECT ADDED ENTRY--TOPICAL TERM
Topical term or geographic name entry element Política educacional
650 ## - SUBJECT ADDED ENTRY--TOPICAL TERM
Topical term or geographic name entry element Reforma de la educación
650 ## - SUBJECT ADDED ENTRY--TOPICAL TERM
Topical term or geographic name entry element Educación
700 1# - ADDED ENTRY--PERSONAL NAME
Personal name Mena, Marta
856 41 - ELECTRONIC LOCATION AND ACCESS
Uniform Resource Identifier <a href="https://biblioeco.unsa.edu.ar/pmb/images/revistas/R18792.jpg">https://biblioeco.unsa.edu.ar/pmb/images/revistas/R18792.jpg</a>
Link text Imagen de portada
Electronic format type image/jpeg
942 ## - ADDED ENTRY ELEMENTS (KOHA)
Koha item type
Existencias
Withdrawn status Lost status Damaged status Not for loan Home library Current library Shelving location Date acquired Serial enumeration / chronology Total checkouts Full call number Barcode Date last seen Price effective from Koha item type
        Biblioteca Prof. Eusebio Cleto del Rey Biblioteca Prof. Eusebio Cleto del Rey   01/11/2000 Año 9, Nº 18 - nov. 2000   H378 TEM 18 R18797 10/04/2026 10/04/2026 Numero
        Biblioteca Prof. Eusebio Cleto del Rey Biblioteca Prof. Eusebio Cleto del Rey   01/07/1998 Año 7, Nº 14 - jul. 1998   H378 TEM 14 R18796 10/04/2026 10/04/2026 Numero
        Biblioteca Prof. Eusebio Cleto del Rey Biblioteca Prof. Eusebio Cleto del Rey   01/07/1997 Año 6, Nº 12 - jul. 1997   H378 TEM 12 R18792 10/04/2026 10/04/2026 Numero